[Event "Banff op U1800"]
[Site "Banff CAN"]
[Date "2021.11.12"]
[Round "1.45"]
[White "Nguyen, Ryan"]
[Black "Pastuzyk, Mike"]
[Result "0-1"]
[WhiteElo "614"]
[BlackElo "1300"]
[PlyCount "100"]
[EventDate "2021.11.12"]
[EventType "swiss"]
[EventRounds "6"]
[EventCountry "CAN"]

1. e4 e6 2. Nc3 d5 3. d3 Bb4 4. Bd2 Nf6 5. exd5 exd5 6. Be2 b6 7. a3 Be7 8. Bf3
Bb7 9. d4 O-O 10. Bg5 Re8 11. Nge2 h6 12. Bxf6 Bxf6 13. O-O Nd7 14. Nxd5 Bxd5
15. Bxd5 Rb8 16. Bc6 Re7 17. Rb1 Nf8 18. c3 Qd6 19. d5 Nd7 20. Qd3 Ne5 21. Qd1
Nxc6 22. c4 Ne5 23. Re1 Nxc4 24. Qd3 Ne5 25. Qa6 c5 26. dxc6 Nxc6 27. Rbd1 Nd4
28. Kf1 Qxh2 29. Ng1 Rxe1+ 30. Rxe1 Qc7 31. Qa4 Nc6 32. Rc1 b5 33. Qg4 Bxb2 34.
Rc2 Bxa3 35. Qf3 Rb6 36. Qxa3 a5 37. Qd3 Nb4 38. Rxc7 Nxd3 39. Ra7 b4 40. Rxa5
b3 41. Ra8+ Kh7 42. Ra1 b2 43. Rb1 Nc5 44. Ke2 Ne4 45. Kd3 Nxf2+ 46. Ke3 Ng4+
47. Kd3 Kg6 48. Kc2 Ne3+ 49. Kd3 Nxg2 50. Ne2 Kg5 0-1

[Event "Banff op U1800"]
[Site "Banff CAN"]
[Date "2021.11.12"]
[Round "2.31"]
[White "Ratte, Daniel"]
[Black "Reuter, Gerhard"]
[Result "0-1"]
[WhiteElo "1369"]
[BlackElo "1713"]
[PlyCount "94"]
[EventDate "2021.11.12"]
[EventType "swiss"]
[EventRounds "6"]
[EventCountry "CAN"]

1. e4 e5 2. Nf3 Nc6 3. d4 exd4 4. Nxd4 Bc5 5. Be3 Qf6 6. c3 Nge7 7. b4 Nxb4 8.
cxb4 Bxb4+ 9. Ke2 b6 10. Qa4 a5 11. f3 O-O 12. a3 Bc5 13. Ra2 d5 14. Nd2 Rd8
15. Kf2 Bd7 16. Bb5 c6 17. Bd3 b5 18. Bxb5 cxb5 19. Nxb5 d4 20. Nc4 dxe3+ 21.
Ke2 Rab8 22. Rb1 Nc6 23. Qd1 Be6 24. Qc1 Rxb5 25. Rxb5 Nd4+ 26. Kf1 Nxb5 27.
Rc2 Qd4 28. Ke1 e2 29. Ne3 Qxe3 30. Qxe3 Bxe3 31. Kxe2 Nd4+ 32. Kxe3 Nxc2+ 33.
Kf4 f6 34. h4 a4 35. g4 Rd3 36. g5 Ne1 37. Kg3 Rxf3+ 38. Kh2 Rxa3 39. gxf6 gxf6
40. h5 Rf3 41. h6 a3 42. e5 f5 43. Kh1 Rg3 44. Kh2 f4 45. Kh1 a2 46. Kh2 a1=Q
47. Kh1 Nf3# 0-1

[Event "Banff op U1800"]
[Site "Banff CAN"]
[Date "2021.11.12"]
[Round "2.32"]
[White "Pastuzyk, Mike"]
[Black "Ancheta, Rodelio Gallard"]
[Result "0-1"]
[WhiteElo "1300"]
[BlackElo "1658"]
[PlyCount "76"]
[EventDate "2021.11.12"]
[EventType "swiss"]
[EventRounds "6"]
[EventCountry "CAN"]

1. e4 c5 2. Nf3 e6 3. d4 cxd4 4. Nxd4 Nc6 5. Nxc6 bxc6 6. Nc3 Qc7 7. Bd3 Nf6 8.
O-O Be7 9. Bg5 O-O 10. Re1 d6 11. a3 a5 12. Qe2 e5 13. f4 Qb6+ 14. Kh1 Qxb2 15.
Na4 Qb8 16. Rab1 Qc7 17. fxe5 dxe5 18. Be3 Be6 19. Bc5 Bxc5 20. Nxc5 Qe7 21.
Nxe6 Qxe6 22. Rb6 h6 23. Reb1 Qd6 24. a4 Rab8 25. h3 Rxb6 26. Rxb6 Qc5 27. Rb7
Qd4 28. c4 Rd8 29. Rb3 Qa1+ 30. Kh2 Qxa4 31. Qb2 c5 32. Rb8 Qd7 33. Qb1 Qd6 34.
Rxd8+ Qxd8 35. Bc2 Qd4 36. Qb3 Qf2 37. Qg3 Qxc2 38. Qxe5 Qxe4 0-1

[Event "Banff op U1800"]
[Site "Banff CAN"]
[Date "2021.11.12"]
[Round "2.33"]
[White "Maheux, Pierre"]
[Black "Hauser, Zach"]
[Result "1-0"]
[WhiteElo "1627"]
[BlackElo "1269"]
[PlyCount "53"]
[EventDate "2021.11.12"]
[EventType "swiss"]
[EventRounds "6"]
[EventCountry "CAN"]

1. e4 c6 2. d4 d5 3. Nc3 dxe4 4. Nxe4 Bf5 5. Ng3 Bg6 6. Nf3 e6 7. Bd3 Bxd3 8.
Qxd3 Bd6 9. Ne4 Be7 10. Bf4 Nf6 11. O-O Nbd7 12. Nd6+ Kf8 13. Nxb7 Qb6 14. Qb3
Nd5 15. Bg3 Bf6 16. Rfd1 h5 17. h4 Rc8 18. c4 Ne7 19. Ne5 Bxe5 20. dxe5 Qc7 21.
Nd6 Rb8 22. Qf3 f6 23. exf6 Nxf6 24. Ne4 Qc8 25. Nxf6 gxf6 26. Qxf6+ Kg8 27.
Bxb8 1-0

[Event "Banff op U1800"]
[Site "Banff CAN"]
[Date "2021.11.12"]
[Round "2.35"]
[White "Drury, Jonathan"]
[Black "Gavrileva, Anna"]
[Result "1-0"]
[WhiteElo "1616"]
[BlackElo "1203"]
[PlyCount "145"]
[EventDate "2021.11.12"]
[EventType "swiss"]
[EventRounds "6"]
[EventCountry "CAN"]

1. e4 e6 2. d4 d5 3. exd5 exd5 4. Bd3 Bd6 5. Ne2 Ne7 6. Bf4 Nbc6 7. c3 O-O 8.
h3 Re8 9. O-O Bf5 10. Bb5 Ng6 11. Bxd6 Qxd6 12. Ng3 Bd7 13. Ba4 a6 14. Nd2 Nd8
15. Bc2 Qb6 16. Rb1 Ne6 17. Nf3 Rad8 18. Qd2 Qa5 19. b4 Qxa2 20. Bxg6 Qxd2 21.
Bxf7+ Kxf7 22. Nxd2 b5 23. Nf3 Kg8 24. Ne5 Bc8 25. Nf5 Kf8 26. Ne3 Bb7 27. f4
Rd6 28. Nf5 Rc6 29. Nxc6 Bxc6 30. Ra1 Bb7 31. h4 g6 32. Ng3 Kg7 33. Ra2 Nf8 34.
Re2 Rxe2 35. Nxe2 Bc8 36. Nc1 Bf5 37. Re1 Kf7 38. Re3 Nd7 39. Nd3 Bxd3 40. Rxd3
Nf6 41. Kf2 Ne4+ 42. Kf3 Ke6 43. Re3 Kf5 44. g4+ Kf6 45. Rxe4 dxe4+ 46. Kxe4 c6
47. d5 cxd5+ 48. Kxd5 h5 49. gxh5 gxh5 50. Kc6 Kf5 51. Kb6 Kxf4 52. Kxa6 Kg4
53. Kxb5 Kxh4 54. c4 Kg3 55. c5 h4 56. c6 h3 57. c7 h2 58. c8=Q h1=Q 59. Qc3+
Kf4 60. Kc4 Qc6+ 61. Kb3 Qxc3+ 62. Kxc3 Ke5 63. Kc4 Kd6 64. Kb5 Kc7 65. Ka6 Kb8
66. Kb6 Ka8 67. Kc7 Ka7 68. b5 Ka8 69. Kb6 Kb8 70. Ka6 Ka8 71. b6 Kb8 72. b7
Kc7 73. Ka7 1-0

[Event "Banff op U1800"]
[Site "Banff CAN"]
[Date "2021.11.12"]
[Round "2.36"]
[White "Coates, Bruce"]
[Black "Byun, Jae Hyun"]
[Result "1-0"]
[WhiteElo "1249"]
[BlackElo "1586"]
[PlyCount "97"]
[EventDate "2021.11.12"]
[EventType "swiss"]
[EventRounds "6"]
[EventCountry "CAN"]

1. Nf3 c5 2. e3 Nf6 3. d4 cxd4 4. exd4 d5 5. Bf4 Bf5 6. Bd3 Bxd3 7. Qxd3 e6 8.
Nbd2 Bd6 9. Qb5+ Nc6 10. Ne5 Bxe5 11. Bxe5 O-O 12. Bxf6 Qxf6 13. c3 Ne7 14. O-O
a6 15. Qd3 Ng6 16. Nf3 Rfe8 17. Rfe1 Re7 18. Ne5 Nxe5 19. Rxe5 Rae8 20. Rae1
Qh6 21. R5e3 Qg6 22. Qxg6 hxg6 23. f4 f6 24. g4 Kf7 25. Rh3 e5 26. fxe5 fxe5
27. dxe5 Rxe5 28. Rf3+ Kg8 29. Rxe5 Rxe5 30. Kf2 Re6 31. h4 Re4 32. Kg3 Re2 33.
Rf2 Re3+ 34. Kf4 Rh3 35. Kg5 Rg3 36. Rd2 b5 37. Rxd5 Rg2 38. Rd6 a5 39. Rd5
Rxb2 40. Kxg6 Kf8 41. Rf5+ Ke7 42. Kxg7 Rxa2 43. Rxb5 a4 44. h5 a3 45. Ra5 Rg2
46. g5 a2 47. g6 Ke8 48. h6 Rg5 49. Rxa2 1-0

[Event "Banff op U1800"]
[Site "Banff CAN"]
[Date "2021.11.12"]
[Round "2.38"]
[White "Zhang, James"]
[Black "Atwood, Matthew"]
[Result "1-0"]
[WhiteElo "1400"]
[BlackElo "1175"]
[PlyCount "100"]
[EventDate "2021.11.12"]
[EventType "swiss"]
[EventRounds "6"]
[EventCountry "CAN"]

1. e4 c6 2. d4 d5 3. Nc3 dxe4 4. Nxe4 Bf5 5. Ng3 Bg6 6. f4 h6 7. Nf3 Nd7 8. Bd3
Bxd3 9. Qxd3 Ngf6 10. Bd2 e6 11. O-O-O Ng4 12. Qe2 Be7 13. Rde1 g6 14. h3 Ngf6
15. Ne4 b5 16. Ne5 Nxe5 17. fxe5 Nd5 18. Rhf1 a5 19. Qf3 Rh7 20. Nf6+ Bxf6 21.
exf6 Qd6 22. Bf4 Nxf4 23. Qxf4 Qxf4+ 24. Rxf4 Rd8 25. c3 Rd5 26. Re5 Kd7 27.
Rxd5+ cxd5 28. Kd2 Rh8 29. Ke3 Rg8 30. Rf2 Kd6 31. g4 Re8 32. h4 e5 33. g5
exd4+ 34. Kxd4 Re4+ 35. Kd3 Rxh4 36. gxh6 Rxh6 37. Re2 g5 38. Rg2 Rg6 39. Kd4
g4 40. Rg3 Rg5 41. b4 a4 42. a3 Ke6 43. Kc5 Kxf6 44. Kxb5 d4+ 45. Kxa4 dxc3 46.
Rxc3 g3 47. Rc1 Ke6 48. b5 g2 49. Rg1 Kd7 50. Ka5 Kc7 1-0

[Event "Banff op U1800"]
[Site "Banff CAN"]
[Date "2021.11.12"]
[Round "2.40"]
[White "Stefanov, Marko"]
[Black "Gokhale, Tanishka"]
[Result "1-0"]
[WhiteElo "922"]
[BlackElo "812"]
[PlyCount "69"]
[EventDate "2021.11.12"]
[EventType "swiss"]
[EventRounds "6"]
[EventCountry "CAN"]

1. e4 e5 2. Nf3 Nc6 3. Bb5 a6 4. Ba4 b5 5. Bb3 Nf6 6. d3 Bc5 7. O-O O-O 8. Nc3
d6 9. Nd5 Na5 10. Bd2 Nxb3 11. Nxf6+ Qxf6 12. axb3 c6 13. h3 d5 14. Re1 dxe4
15. Rxe4 Re8 16. d4 Bd6 17. dxe5 Bxe5 18. Bc3 Rd8 19. Qe2 Bf5 20. Bxe5 Qe6 21.
Re3 Qg6 22. Nh4 Qg5 23. Nxf5 Qxf5 24. Rg3 Re8 25. Re3 f6 26. Bf4 Rxe3 27. Bxe3
Kf7 28. g4 Qe5 29. Rd1 Qxb2 30. Qd3 Re8 31. Qd7+ Re7 32. Qxc6 Re6 33. Rd7+ Re7
34. Qd5+ Ke8 35. Rd8# 1-0

[Event "Banff op U1800"]
[Site "Banff CAN"]
[Date "2021.11.12"]
[Round "2.42"]
[White "Husain, Ali"]
[Black "Ovechkin, Ilya"]
[Result "1-0"]
[WhiteElo "1742"]
[BlackElo "1083"]
[PlyCount "41"]
[EventDate "2021.11.12"]
[EventType "swiss"]
[EventRounds "6"]
[EventCountry "CAN"]

1. e4 e5 2. Nf3 Nc6 3. Bb5 Nf6 4. O-O d6 5. d4 Bd7 6. Nc3 exd4 7. Nxd4 Nxd4 8.
Bxd7+ Qxd7 9. Qxd4 a5 10. Qd3 O-O-O 11. Bg5 Be7 12. Rad1 h6 13. Bxf6 gxf6 14.
Nd5 Rhe8 15. Qc4 b6 16. Rd3 Rg8 17. Qa6+ Kb8 18. Rb3 Rxg2+ 19. Kh1 Rdg8 20.
Nxb6 Qg4 21. Nd5# 1-0

[Event "Banff op U1800"]
[Site "Banff CAN"]
[Date "2021.11.12"]
[Round "2.43"]
[White "McGinnis, Paul"]
[Black "Nguyen, Justin"]
[Result "0-1"]
[WhiteElo "1702"]
[BlackElo "992"]
[PlyCount "72"]
[EventDate "2021.11.12"]
[EventType "swiss"]
[EventRounds "6"]
[EventCountry "CAN"]

1. c4 e5 2. g3 Nc6 3. Bg2 d6 4. Nc3 Nf6 5. e3 Be7 6. Nge2 O-O 7. O-O Be6 8. b3
Qd7 9. Nd5 Rac8 10. Nxf6+ Bxf6 11. Bb2 Bh3 12. f4 Bxg2 13. Kxg2 Rfe8 14. f5
Rcd8 15. Qc2 d5 16. Bc3 d4 17. Qd3 dxc3 18. Qxd7 Rxd7 19. dxc3 Rd2 20. Kf3 e4+
21. Kf2 Bxc3 22. Rac1 Bb4 23. a4 Bc5 24. Rcd1 Red8 25. Rxd2 Rxd2 26. Ke1 Rd3
27. f6 Rxe3 28. Rf4 g6 29. h4 Nd4 30. Rf2 Nxe2 31. Rxe2 Rxe2+ 32. Kxe2 e3 33.
g4 h6 34. g5 hxg5 35. hxg5 Bd4 36. c5 a6 0-1

[Event "Banff op U1800"]
[Site "Banff CAN"]
[Date "2021.11.12"]
[Round "2.44"]
[White "Mantla, Harrison"]
[Black "Ratte, James"]
[Result "0-1"]
[WhiteElo "1387"]
[BlackElo "912"]
[PlyCount "80"]
[EventDate "2021.11.12"]
[EventType "swiss"]
[EventRounds "6"]
[EventCountry "CAN"]

1. d4 d5 2. Nf3 Nc6 3. Bf4 Nf6 4. e3 Bg4 5. h3 Bh5 6. Bd3 h6 7. g4 Bg6 8. Ne5
Bxd3 9. Qxd3 e6 10. Nd2 Bd6 11. c4 dxc4 12. Ndxc4 Nb4 13. Nxd6+ cxd6 14. Qb5+
Nc6 15. Nxc6 bxc6 16. Qxc6+ Nd7 17. Qxd6 Qa5+ 18. b4 Qa3 19. O-O Rb8 20. Rfb1
Rb6 21. Qc7 Qa4 22. Qc8+ Ke7 23. Qxh8 g5 24. Be5 f6 25. Bxf6+ Nxf6 26. Qg7+ Kd6
27. Qxf6 Qa6 28. Qxh6 Rb5 29. a4 Rd5 30. h4 Qc6 31. Qf8+ Kd7 32. h5 e5 33. dxe5
Qe6 34. f3 Qxe5 35. h6 Qg3+ 36. Kf1 Qh3+ 37. Ke2 Qh2+ 38. Ke1 Qh1+ 39. Kf2 Rd2+
40. Kg3 Qh2# 0-1

[Event "Banff op U1800"]
[Site "Banff CAN"]
[Date "2021.11.12"]
[Round "2.45"]
[White "Ding, Amy"]
[Black "Wang, April"]
[Result "0-1"]
[WhiteElo "866"]
[BlackElo "1250"]
[PlyCount "64"]
[EventDate "2021.11.12"]
[EventType "swiss"]
[EventRounds "6"]
[EventCountry "CAN"]

1. e4 c5 2. Nc3 d6 3. Bc4 Nf6 4. Nf3 Nc6 5. d3 e6 6. Be3 Ng4 7. Qe2 Nxe3 8.
fxe3 Be7 9. O-O-O O-O 10. Rhf1 Bd7 11. d4 cxd4 12. exd4 Re8 13. Qf2 a6 14. e5
dxe5 15. Nxe5 Nxe5 16. dxe5 Rf8 17. Ne2 Qc7 18. Qd4 Rad8 19. Qe4 Rfe8 20. Bd3
g6 21. Rf3 Bc6 22. Qc4 Qxe5 23. Rg3 Bb5 24. Qc3 Qxc3 25. Nxc3 Bxd3 26. Rgxd3
Kg7 27. Na4 b5 28. Nb6 Rxd3 29. Rxd3 Rd8 30. Rc3 Bg5+ 31. Re3 Bxe3+ 32. Kb1
Rd1# 0-1

[Event "Banff op U1800"]
[Site "Banff CAN"]
[Date "2021.11.12"]
[Round "2.48"]
[White "Hendi, Mickail"]
[Black "Landon, Matthew"]
[Result "0-1"]
[WhiteElo "718"]
[BlackElo "1136"]
[PlyCount "104"]
[EventDate "2021.11.12"]
[EventType "swiss"]
[EventRounds "6"]
[EventCountry "CAN"]

1. e4 e5 2. Nc3 Bc5 3. Nf3 d6 4. Bc4 Nf6 5. Nd5 Be6 6. Nxf6+ gxf6 7. Bxe6 fxe6
8. d4 Bb6 9. dxe5 dxe5 10. Bh6 Nd7 11. Nd2 Qe7 12. Qh5+ Qf7 13. Qxf7+ Kxf7 14.
O-O-O Bxf2 15. Rhf1 Bc5 16. Nb3 Bd6 17. g4 Kg6 18. Be3 Rhf8 19. h4 h5 20. Na5
Nc5 21. Bxc5 Bxc5 22. Nxb7 Be3+ 23. Kb1 Rab8 24. Rd3 Rxb7 25. Rxe3 hxg4 26. a3
f5 27. Rg3 Kh5 28. exf5 exf5 29. Re3 e4 30. Rh1 c6 31. Rc3 Rf6 32. a4 Re7 33.
Kc1 Rd6 34. Rc5 Rf7 35. b4 e3 36. Re5 Rd4 37. c3 Re4 38. Rxe4 fxe4 39. Re1 Rf3
40. Kd1 Kxh4 41. Ke2 g3 42. Rh1+ Kg4 43. Rg1 Kh3 44. Rh1+ Kg2 45. Rh6 Rf2+ 46.
Kxe3 Kf1 47. Rh1+ Kg2 48. Rh6 Rf3+ 49. Kxe4 Rxc3 50. Rd6 Rc4+ 51. Ke3 Rxb4 52.
Kd2 Kh3 0-1

[Event "Banff op U1800"]
[Site "Banff CAN"]
[Date "2021.11.13"]
[Round "3.32"]
[White "Reuter, Gerhard"]
[Black "Drury, Jonathan"]
[Result "1/2-1/2"]
[WhiteElo "1713"]
[BlackElo "1616"]
[PlyCount "94"]
[EventDate "2021.11.12"]
[EventType "swiss"]
[EventRounds "6"]
[EventCountry "CAN"]

1. f4 e5 2. fxe5 d6 3. exd6 Bxd6 4. g3 Bd7 5. Bg2 Bc6 6. Nf3 Ne7 7. O-O Nd7 8.
Nc3 Ng6 9. e4 Qe7 10. d4 Nb6 11. a3 O-O-O 12. Qe2 f6 13. Bd2 h5 14. Bh3+ Bd7
15. Bf5 Bxf5 16. exf5 Qxe2 17. Nxe2 Ne7 18. Nh4 c5 19. c3 Nc4 20. Bc1 cxd4 21.
Nxd4 Bc5 22. Rd1 Nd6 23. Ng6 Nxg6 24. fxg6 Nf5 25. Bf4 Nxd4 26. cxd4 Rxd4 27.
Rdc1 b6 28. b4 Rxf4+ 29. Rxc5+ bxc5 30. gxf4 cxb4 31. axb4 Kb7 32. Kf2 Rc8 33.
Re1 Kb6 34. Kf3 Rc7 35. Re4 Kb5 36. Rd4 a6 37. Ke4 Rc4 38. Kd5 Rxd4+ 39. Kxd4
Kxb4 40. Kd5 a5 41. Ke6 a4 42. Kf7 a3 43. Kxg7 a2 44. Kh7 a1=Q 45. g7 Qb1+ 46.
Kh8 Qg6 47. g8=Q Qh6+ 1/2-1/2

[Event "Banff op U1800"]
[Site "Banff CAN"]
[Date "2021.11.13"]
[Round "3.33"]
[White "Ancheta, Rodelio Gallard"]
[Black "Wolfram, Ben"]
[Result "1-0"]
[WhiteElo "1658"]
[BlackElo "1478"]
[PlyCount "75"]
[EventDate "2021.11.12"]
[EventType "swiss"]
[EventRounds "6"]
[EventCountry "CAN"]

1. d4 c6 2. c4 d5 3. Nf3 Nf6 4. e3 Bg4 5. Be2 dxc4 6. Bxc4 e6 7. O-O Bd6 8. Nc3
O-O 9. Re1 Nbd7 10. e4 Bc7 11. Be3 Ba5 12. Bd3 Qc7 13. e5 Nd5 14. Bxh7+ Kh8 15.
Qd3 Rad8 16. a3 Nxc3 17. bxc3 Bxf3 18. gxf3 Nxe5 19. Qe4 Ng6 20. Bxg6 fxg6 21.
Rac1 Qf7 22. Bg5 Rd5 23. h4 Qxf3 24. Qxf3 Rxf3 25. Rxe6 Bxc3 26. Kg2 Rdf5 27.
Be3 Bd2 28. Rb1 Rf7 29. Rb2 Bxe3 30. fxe3 Kh7 31. a4 R3f5 32. e4 Ra5 33. Rb4 c5
34. Rc4 cxd4 35. Rxd4 b5 36. axb5 Rxb5 37. Rd8 Kh6 38. Rh8# 1-0

[Event "Banff op U1800"]
[Site "Banff CAN"]
[Date "2021.11.13"]
[Round "3.34"]
[White "Atwood, Matthew"]
[Black "Maheux, Pierre"]
[Result "0-1"]
[WhiteElo "1175"]
[BlackElo "1627"]
[PlyCount "62"]
[EventDate "2021.11.12"]
[EventType "swiss"]
[EventRounds "6"]
[EventCountry "CAN"]

1. c4 e5 2. Nc3 Nf6 3. Nf3 Nc6 4. g3 Bb4 5. Nd5 d6 6. Nxb4 Nxb4 7. Qb3 Nc6 8.
Bg2 Rb8 9. d3 O-O 10. O-O h6 11. Nd2 Nd4 12. Qd1 Be6 13. Ne4 Nxe4 14. Bxe4 f5
15. Bg2 f4 16. e3 f3 17. exd4 fxg2 18. Kxg2 Qd7 19. Re1 Bh3+ 20. Kg1 Bg4 21.
Qb3 Bf3 22. Re3 exd4 23. c5+ Kh8 24. Qe6 Qc6 25. Rxf3 Qxf3 26. Bxh6 Qxf2+ 27.
Kh1 Rf6 28. Bxg7+ Kxg7 29. Qd7+ Rf7 30. Qg4+ Kh8 31. Qh5+ Rh7 0-1

[Event "Banff op U1800"]
[Site "Banff CAN"]
[Date "2021.11.13"]
[Round "3.35"]
[White "Funk, Andrew"]
[Black "Coates, Bruce"]
[Result "1-0"]
[WhiteElo "1623"]
[BlackElo "1249"]
[PlyCount "95"]
[EventDate "2021.11.12"]
[EventType "swiss"]
[EventRounds "6"]
[EventCountry "CAN"]

1. d4 d5 2. c4 c6 3. g3 Bf5 4. Bg2 Nf6 5. Nf3 dxc4 6. a4 e6 7. O-O Bd6 8. Nc3
Nbd7 9. Nd2 Rb8 10. e4 Bg4 11. f3 Bh5 12. e5 Nxe5 13. dxe5 Bxe5 14. Nxc4 Qd4+
15. Qxd4 Bxd4+ 16. Be3 Bxe3+ 17. Nxe3 O-O 18. Rfd1 Nd5 19. Kf2 Nxc3 20. bxc3
Bg6 21. Rd7 Rfd8 22. Rad1 Rxd7 23. Rxd7 Kf8 24. Ke2 Ke8 25. Rd2 Rd8 26. Nc4
Rxd2+ 27. Kxd2 Ke7 28. a5 Bb1 29. f4 Ba2 30. a6 bxa6 31. Kd3 Bxc4+ 32. Kxc4 Kd6
33. Be4 a5 34. Bxh7 g6 35. h4 Ke7 36. h5 gxh5 37. Kc5 f5 38. Bg6 a4 39. Kb4 Kd6
40. Bxh5 Kd5 41. Bf3+ Kd6 42. c4 a5+ 43. Kxa4 Kc5 44. Be2 Kb6 45. g4 Kc7 46. c5
Kd7 47. gxf5 exf5 48. Bc4 1-0

[Event "Banff op U1800"]
[Site "Banff CAN"]
[Date "2021.11.13"]
[Round "3.37"]
[White "Byun, Jae Hyun"]
[Black "Stefanov, Marko"]
[Result "0-1"]
[WhiteElo "1586"]
[BlackElo "922"]
[PlyCount "130"]
[EventDate "2021.11.12"]
[EventType "swiss"]
[EventRounds "6"]
[EventCountry "CAN"]

1. e4 e5 2. Nc3 Nf6 3. f4 exf4 4. e5 Qe7 5. Qe2 Ng8 6. Nf3 d6 7. Nd5 Qd7 8.
Nxc7+ Kd8 9. Nxa8 Nc6 10. d4 Qf5 11. Qd3 Qg4 12. h3 Qg3+ 13. Kd1 d5 14. b3 f6
15. Bb2 Nge7 16. Kd2 Nf5 17. Re1 Ne3 18. Rxe3 fxe3+ 19. Qxe3 Bf5 20. Kc1 h5 21.
exf6 gxf6 22. Kb1 Nb4 23. Bd3 Nxd3 24. cxd3 Bh6 25. Qe2 Re8 26. Qc2 Re3 27. Rd1
Bf4 28. Bc1 Re6 29. Bxf4 Qxf4 30. Qc5 Rc6 31. Qxd5+ Kc8 32. Qg8+ Kd7 33. Qf7+
Kd8 34. Qd5+ Kc8 35. Ne1 Qf2 36. Qb5 a6 37. Nb6+ Kc7 38. Nd5+ Kb8 39. Qa5 Qxd4
40. Ne7 Rc5 41. Nxf5 Qd5 42. Qb6 Qxf5 43. Qd8+ Ka7 44. Qd4 Kb8 45. Rc1 Rd5 46.
Rc5 Rxc5 47. Qd6+ Ka7 48. b4 Rb5 49. Qd4+ Kb8 50. Qd8+ Qc8 51. Qd6+ Ka7 52.
Qd4+ b6 53. a4 Re5 54. Nf3 Re2 55. Qc4 Qxc4 56. dxc4 Rxg2 57. Nd4 Rh2 58. Nc6+
Kb7 59. Nd8+ Kc7 60. Ne6+ Kd6 61. Nf4 Ke5 62. Nxh5 Rxh3 63. Ng7 Rc3 64. Kb2
Rxc4 65. Kb3 Rg4 0-1

[Event "Banff op U1800"]
[Site "Banff CAN"]
[Date "2021.11.13"]
[Round "3.38"]
[White "Landon, Matthew"]
[Black "Husain, Ali"]
[Result "1-0"]
[WhiteElo "1136"]
[BlackElo "1742"]
[PlyCount "49"]
[EventDate "2021.11.12"]
[EventType "swiss"]
[EventRounds "6"]
[EventCountry "CAN"]

1. e4 e5 2. f4 exf4 3. Nf3 d6 4. d4 g5 5. h4 g4 6. Ng1 h5 7. Bxf4 Nc6 8. Bc4
Bg7 9. Ne2 Bh6 10. Nbc3 Na5 11. Qd3 Nxc4 12. Qxc4 c6 13. O-O-O Bxf4+ 14. Nxf4
Rh7 15. g3 Bd7 16. Rhf1 Qe7 17. d5 c5 18. Qd3 Qe5 19. Nb5 Kd8 20. Rde1 a6 21.
Nxd6 Qxd6 22. e5 Qb6 23. Qxh7 Nh6 24. e6 Be8 25. Qxh6 1-0

[Event "Banff op U1800"]
[Site "Banff CAN"]
[Date "2021.11.13"]
[Round "3.39"]
[White "Sayegh, Mike"]
[Black "Zhang, James"]
[Result "0-1"]
[WhiteElo "1180"]
[BlackElo "1400"]
[PlyCount "100"]
[EventDate "2021.11.12"]
[EventType "swiss"]
[EventRounds "6"]
[EventCountry "CAN"]

1. e4 c5 2. Nf3 d6 3. Bc4 Nf6 4. Nc3 g6 5. d3 Bg7 6. O-O O-O 7. Be3 Nc6 8. Qd2
Ng4 9. Ng5 Nxe3 10. Qxe3 Nd4 11. Rac1 Bd7 12. Nd5 a5 13. c3 Nc6 14. a4 e6 15.
f4 exd5 16. Bxd5 Rb8 17. Kh1 Ne7 18. Bc4 Bxa4 19. f5 d5 20. exd5 Nxf5 21. Qf4
Bd7 22. d6 Bh6 23. h4 Nxh4 24. Bxf7+ Kh8 25. Qe5+ Bg7 26. Qf4 Nf5 27. Rf3 Bc6
28. Rh3 h6 29. Ne6 Qxd6 30. Qxd6 Nxd6 31. Nxf8 Nxf7 32. Nxg6+ Kh7 33. Ne7 Bb5
34. Rf1 Ng5 35. Rg3 Re8 36. Nf5 Rd8 37. Nxg7 Kxg7 38. c4 Bc6 39. Re1 Kf6 40.
Rf1+ Kg6 41. Re3 Rd4 42. Rf8 Rg4 43. Re2 Rh4+ 44. Kg1 Rg4 45. Kh1 Nh3 46. Rg8+
Kh5 47. Rxg4 Kxg4 48. Kh2 Nf4 49. Rf2 Nxd3 50. Rf8 Nxb2 0-1

[Event "Banff op U1800"]
[Site "Banff CAN"]
[Date "2021.11.13"]
[Round "3.40"]
[White "Bruneau, Gilles"]
[Black "Cowan, Brennan"]
[Result "1-0"]
[WhiteElo "1400"]
[BlackElo "1178"]
[PlyCount "100"]
[EventDate "2021.11.12"]
[EventType "swiss"]
[EventRounds "6"]
[EventCountry "CAN"]

1. d4 Nf6 2. c4 e6 3. Nc3 Bb4 4. Bd2 d5 5. cxd5 Nxd5 6. a3 Bxc3 7. bxc3 O-O 8.
Nf3 b6 9. e3 Bb7 10. Be2 h5 11. O-O g5 12. e4 Nf4 13. Bxf4 gxf4 14. Qd2 Qf6 15.
e5 Qf5 16. Nh4 Qg5 17. g3 Kh8 18. Bf3 Bxf3 19. Nxf3 Qg4 20. Qxf4 Qxf4 21. gxf4
Rg8+ 22. Kh1 Rg4 23. h3 Rxf4 24. Ng5 Rf5 25. f4 Nd7 26. h4 Rc8 27. Ne4 Rg8 28.
Ng5 Nf8 29. Ra2 Ng6 30. Rh2 Rg7 31. a4 Rxf4 32. Rxf4 Nxf4 33. Rf2 Nd5 34. Nxf7+
Kg8 35. Ng5 Re7 36. Rf3 c5 37. dxc5 bxc5 38. c4 Nc7 39. Ne4 Na6 40. Nf6+ Kh8
41. Rg3 Rg7 42. Kh2 Rxg3 43. Kxg3 Nb4 44. Kf4 Nd3+ 45. Ke4 Nf2+ 46. Kf3 Ng4 47.
Nxg4 hxg4+ 48. Kxg4 Kg7 49. Kg5 Kf7 50. h5 Kg7 1-0

[Event "Banff op U1800"]
[Site "Banff CAN"]
[Date "2021.11.13"]
[Round "3.41"]
[White "Ratte, Daniel"]
[Black "Chatterjee, Kinjal"]
[Result "1/2-1/2"]
[WhiteElo "1369"]
[BlackElo "1087"]
[PlyCount "107"]
[EventDate "2021.11.12"]
[EventType "swiss"]
[EventRounds "6"]
[EventCountry "CAN"]

1. e4 c5 2. Bc4 Nc6 3. d3 g6 4. Be3 d6 5. Bb5 Bg7 6. c3 Qb6 7. Qb3 Be6 8. c4
Nf6 9. Nc3 O-O 10. Nd5 Bxd5 11. exd5 Ne5 12. a4 a6 13. a5 Qc7 14. Ba4 Qc8 15.
h3 Qf5 16. Rd1 h5 17. Qc3 Nxd5 18. Qd2 Nb4 19. Bc2 Nxc2+ 20. Qxc2 Nc6 21. Qd2
Kh7 22. g4 Qf6 23. Rb1 e5 24. Bg5 Qe6 25. Ne2 Nd4 26. Nxd4 exd4+ 27. Kf1 f6 28.
Re1 Qd7 29. Bh4 Qc6 30. Kg1 g5 31. Bg3 h4 32. Bh2 Rae8 33. f4 Rxe1+ 34. Qxe1
Re8 35. Qf2 Re3 36. fxg5 fxg5 37. Qf5+ Kh6 38. Qf7 Re1+ 39. Kf2 Qe8 40. Qxe8
Rxe8 41. Bxd6 Bf8 42. Bxf8+ Rxf8+ 43. Kg2 Re8 44. Rf1 Re2+ 45. Rf2 Re3 46. Rd2
Kg6 47. b3 Kf6 48. Rf2+ Ke6 49. Rf3 Rxf3 50. Kxf3 Ke5 51. Kg2 Kf4 52. Kf2 Ke5
53. Kf3 Kf6 54. Ke4 1/2-1/2

[Event "Banff op U1800"]
[Site "Banff CAN"]
[Date "2021.11.13"]
[Round "3.42"]
[White "Nguyen, Justin"]
[Black "Pastuzyk, Mike"]
[Result "1-0"]
[WhiteElo "992"]
[BlackElo "1300"]
[PlyCount "66"]
[EventDate "2021.11.12"]
[EventType "swiss"]
[EventRounds "6"]
[EventCountry "CAN"]

1. e4 e6 2. d4 d5 3. Nc3 Bb4 4. Nge2 c5 5. a3 Bxc3+ 6. Nxc3 cxd4 7. Qxd4 dxe4
8. Bb5+ Ke7 9. Qxg7 Nf6 10. O-O Rg8 11. Qh6 Bd7 12. Rd1 Qf8 13. Qf4 Qg7 14. g3
a6 15. Bxd7 Nbxd7 16. Nxe4 Qg4 17. Qd6+ Kd8 18. Bf4 Nd5 19. Rxd5 exd5 20. Nf6
Qe6 21. Nxg8 Qxd6 22. Bxd6 Rc8 23. c3 Rc6 24. Bf4 Rg6 25. Nh6 f6 26. Rd1 Nb6
27. Be3 Kc7 28. Nf5 Nc4 29. Bc1 Rg8 30. b3 Nd6 31. Ne7 Re8 32. Nxd5+ Kb8 33.
Nxf6 Nb5 1-0

[Event "Banff op U1800"]
[Site "Banff CAN"]
[Date "2021.11.13"]
[Round "3.43"]
[White "Hauser, Zach"]
[Black "Jackson, Mateo"]
[Result "0-1"]
[WhiteElo "1269"]
[BlackElo "1157"]
[PlyCount "54"]
[EventDate "2021.11.12"]
[EventType "swiss"]
[EventRounds "6"]
[EventCountry "CAN"]

1. d4 Nf6 2. c4 c5 3. Nf3 cxd4 4. Nxd4 g6 5. Nc3 Bg7 6. Bf4 Nc6 7. Nxc6 bxc6 8.
e3 d5 9. c5 Bf5 10. Bd3 d4 11. Ne2 dxe3 12. Bxf5 exf2+ 13. Kxf2 gxf5 14. Qxd8+
Rxd8 15. Rad1 O-O 16. Rhe1 Ne4+ 17. Kg1 Nxc5 18. Rc1 Nd3 19. Ng3 Nxc1 20. Rxc1
Bd4+ 21. Kf1 Bxb2 22. Rxc6 Rc8 23. Ra6 Rc2 24. h3 Bd4 25. Nxf5 Rf2+ 26. Ke1
Rxf4 27. Ng3 Bf2+ 0-1

[Event "Banff op U1800"]
[Site "Banff CAN"]
[Date "2021.11.13"]
[Round "3.44"]
[White "Ratte, James"]
[Black "Wang, Lucas"]
[Result "0-1"]
[WhiteElo "912"]
[BlackElo "1256"]
[PlyCount "46"]
[EventDate "2021.11.12"]
[EventType "swiss"]
[EventRounds "6"]
[EventCountry "CAN"]

1. e4 e5 2. Nf3 Nc6 3. Nc3 Bc5 4. d3 d6 5. Be2 Nge7 6. a3 Be6 7. O-O O-O 8. Be3
Bb6 9. d4 exd4 10. Bxd4 Nxd4 11. Nxd4 Ng6 12. Nxe6 fxe6 13. Bg4 e5 14. Nd5 Nf4
15. Qf3 Nxd5 16. exd5 Rxf3 17. Bxf3 Qg5 18. Rae1 Rf8 19. Be4 Rf6 20. Re2 Rh6
21. h3 Rxh3 22. Rd1 Rh6 23. Kf1 Rh1# 0-1